<?xml version="1.0" encoding="UTF-8"?>
<record
    xmlns:xsi="http://www.w3.org/2001/XMLSchema-instance"
    xsi:schemaLocation="http://www.loc.gov/MARC21/slim http://www.loc.gov/standards/marcxml/schema/MARC21slim.xsd"
    xmlns="http://www.loc.gov/MARC21/slim">

  <leader>01072cam a2200253a 44500</leader>
  <controlfield tag="003">OSt</controlfield>
  <controlfield tag="005">20150408113731.0</controlfield>
  <controlfield tag="008">030315s1979 le g 00000 ara dd</controlfield>
  <datafield tag="040" ind1=" " ind2=" ">
    <subfield code="a">SA-RiAUC</subfield>
    <subfield code="b">ara</subfield>
    <subfield code="c">SA-RiAUC</subfield>
  </datafield>
  <datafield tag="041" ind1=" " ind2=" ">
    <subfield code="a">&#x639;&#x631;&#x628;&#x64A;</subfield>
  </datafield>
  <datafield tag="072" ind1=" " ind2=" ">
    <subfield code="a">045</subfield>
    <subfield code="x">&#x627;&#x644;&#x644;&#x63A;&#x629; &#x627;&#x644;&#x639;&#x631;&#x628;&#x64A;&#x629;</subfield>
  </datafield>
  <datafield tag="082" ind1="0" ind2="4">
    <subfield code="a">415.1</subfield>
  </datafield>
  <datafield tag="092" ind1=" " ind2=" ">
    <subfield code="a">415.1</subfield>
    <subfield code="b">&#x647;&#x640; &#x62C; &#x645;</subfield>
  </datafield>
  <datafield tag="100" ind1="1" ind2=" ">
    <subfield code="a">&#x627;&#x628;&#x646; &#x647;&#x634;&#x627;&#x645;&#x60C; &#x639;&#x628;&#x62F; &#x627;&#x644;&#x644;&#x647; &#x628;&#x646; &#x64A;&#x648;&#x633;&#x641; &#x628;&#x646; &#x623;&#x62D;&#x645;&#x62F;&#x60C;</subfield>
    <subfield code="d">708-761 &#x647;&#x640;.</subfield>
    <subfield code="9">1132</subfield>
  </datafield>
  <datafield tag="245" ind1="1" ind2="0">
    <subfield code="a">&#x645;&#x63A;&#x646;&#x64A; &#x627;&#x644;&#x644;&#x628;&#x64A;&#x628; &#x639;&#x646; &#x643;&#x62A;&#x628; &#x627;&#x644;&#x623;&#x639;&#x627;&#x631;&#x64A;&#x628; /</subfield>
    <subfield code="c">&#x644;&#x62C;&#x645;&#x627;&#x644; &#x627;&#x644;&#x62F;&#x64A;&#x646; &#x628;&#x646; &#x647;&#x634;&#x627;&#x645; &#x627;&#x644;&#x623;&#x646;&#x635;&#x627;&#x631;&#x64A; &#x61B; &#x62D;&#x642;&#x642;&#x647; &#x648;&#x639;&#x644;&#x642; &#x639;&#x644;&#x64A;&#x647; &#x645;&#x627;&#x632;&#x646; &#x627;&#x644;&#x645;&#x628;&#x627;&#x631;&#x643;&#x60C; &#x645;&#x62D;&#x645;&#x62F; &#x639;&#x644;&#x64A; &#x62D;&#x645;&#x62F; &#x627;&#x644;&#x644;&#x647; &#x61B; &#x631;&#x627;&#x62C;&#x639;&#x647; &#x633;&#x639;&#x64A;&#x62F; &#x627;&#x644;&#x623;&#x641;&#x63A;&#x627;&#x646;&#x64A;.</subfield>
  </datafield>
  <datafield tag="250" ind1=" " ind2=" ">
    <subfield code="a">&#x637;. 5.</subfield>
  </datafield>
  <datafield tag="260" ind1=" " ind2=" ">
    <subfield code="a">&#x628;&#x64A;&#x631;&#x648;&#x62A;</subfield>
    <subfield code="b">&#x62F;&#x627;&#x631; &#x627;&#x644;&#x641;&#x643;&#x631;&#x60C;</subfield>
    <subfield code="c">1399 = 1979</subfield>
  </datafield>
  <datafield tag="300" ind1=" " ind2=" ">
    <subfield code="a">1013 &#x635;. &#x61B;</subfield>
    <subfield code="c">24 &#x633;&#x645;. 7</subfield>
  </datafield>
  <datafield tag="650" ind1=" " ind2=" ">
    <subfield code="a">&#x627;&#x644;&#x644;&#x63A;&#x629; &#x627;&#x644;&#x639;&#x631;&#x628;&#x64A;&#x629;</subfield>
    <subfield code="x">&#x627;&#x644;&#x646;&#x62D;&#x648;</subfield>
    <subfield code="2">aucsh.1 </subfield>
  </datafield>
  <datafield tag="700" ind1=" " ind2=" ">
    <subfield code="a">&#x627;&#x644;&#x645;&#x628;&#x627;&#x631;&#x643;&#x60C; &#x645;&#x627;&#x632;&#x646;</subfield>
    <subfield code="e">&#x645;&#x62D;&#x642;&#x642;.1 </subfield>
    <subfield code="9">1143</subfield>
  </datafield>
  <datafield tag="700" ind1=" " ind2=" ">
    <subfield code="a">&#x62D;&#x645;&#x62F; &#x627;&#x644;&#x644;&#x647;&#x60C; &#x645;&#x62D;&#x645;&#x62F; &#x639;&#x644;&#x64A;</subfield>
    <subfield code="e">&#x645;&#x62D;&#x642;&#x642;.1 </subfield>
    <subfield code="9">1144</subfield>
  </datafield>
  <datafield tag="700" ind1=" " ind2=" ">
    <subfield code="a">&#x627;&#x644;&#x623;&#x641;&#x63A;&#x627;&#x646;&#x64A;&#x60C; &#x633;&#x639;&#x64A;&#x62F;</subfield>
    <subfield code="e">&#x645;&#x631;&#x627;&#x62C;&#x639;.\\</subfield>
    <subfield code="9">1145</subfield>
  </datafield>
  <datafield tag="942" ind1=" " ind2=" ">
    <subfield code="2">ddc</subfield>
    <subfield code="c">BOOK</subfield>
  </datafield>
  <datafield tag="999" ind1=" " ind2=" ">
    <subfield code="c">1736</subfield>
    <subfield code="d">236236</subfield>
  </datafield>
  <datafield tag="952" ind1=" " ind2=" ">
    <subfield code="1">0</subfield>
    <subfield code="2">2013-03-10</subfield>
    <subfield code="4">0</subfield>
    <subfield code="7">0</subfield>
    <subfield code="a">415.1 &#x647;&#x640; &#x62C; &#x645;</subfield>
    <subfield code="d">2011-07-20</subfield>
    <subfield code="h">EMF</subfield>
    <subfield code="i">00022817</subfield>
    <subfield code="m">EMF</subfield>
    <subfield code="r">2013-03-10 00:00:00</subfield>
    <subfield code="t">REF</subfield>
    <subfield code="w">ddc</subfield>
    <subfield code="y">0</subfield>
  </datafield>
  <datafield tag="952" ind1=" " ind2=" ">
    <subfield code="1">0</subfield>
    <subfield code="2">2013-03-10</subfield>
    <subfield code="4">0</subfield>
    <subfield code="7">0</subfield>
    <subfield code="a">415.1 &#x62C;2 &#x647;&#x640; &#x62C; &#x645;</subfield>
    <subfield code="d">2011-08-15</subfield>
    <subfield code="h">EMF</subfield>
    <subfield code="i">00022903</subfield>
    <subfield code="m">EMF</subfield>
    <subfield code="r">2013-03-10 00:00:00</subfield>
    <subfield code="t">BOOK</subfield>
    <subfield code="w">ddc</subfield>
    <subfield code="y">0</subfield>
  </datafield>
  <datafield tag="952" ind1=" " ind2=" ">
    <subfield code="1">0</subfield>
    <subfield code="2">2013-03-10</subfield>
    <subfield code="4">0</subfield>
    <subfield code="7">0</subfield>
    <subfield code="a">415.1 &#x62C;2 &#x647;&#x640; &#x62C; &#x645;</subfield>
    <subfield code="d">2011-08-15</subfield>
    <subfield code="h">EMF</subfield>
    <subfield code="i">00022916</subfield>
    <subfield code="m">EMF</subfield>
    <subfield code="q">2015-11-04</subfield>
    <subfield code="r">2016-05-30 00:00:00</subfield>
    <subfield code="t">BOOK</subfield>
    <subfield code="w">ddc</subfield>
    <subfield code="y">1</subfield>
  </datafield>
  <datafield tag="952" ind1=" " ind2=" ">
    <subfield code="1">0</subfield>
    <subfield code="2">2013-03-10</subfield>
    <subfield code="4">0</subfield>
    <subfield code="7">0</subfield>
    <subfield code="a">415.1 &#x62C;1 &#x647;&#x640; &#x62C; &#x645;</subfield>
    <subfield code="d">2011-09-04</subfield>
    <subfield code="h">EMF</subfield>
    <subfield code="i">00021453</subfield>
    <subfield code="m">EMF</subfield>
    <subfield code="r">2013-03-10 00:00:00</subfield>
    <subfield code="t">BOOK</subfield>
    <subfield code="w">ddc</subfield>
    <subfield code="y">0</subfield>
  </datafield>
  <datafield tag="952" ind1=" " ind2=" ">
    <subfield code="1">0</subfield>
    <subfield code="2">2013-03-10</subfield>
    <subfield code="4">0</subfield>
    <subfield code="7">0</subfield>
    <subfield code="a">415.1 &#x62C;2 &#x647;&#x640; &#x62C; &#x645;</subfield>
    <subfield code="d">2011-09-04</subfield>
    <subfield code="h">EMF</subfield>
    <subfield code="i">00021452</subfield>
    <subfield code="m">EMF</subfield>
    <subfield code="q">2015-10-26</subfield>
    <subfield code="r">2015-11-04 00:00:00</subfield>
    <subfield code="t">BOOK</subfield>
    <subfield code="w">ddc</subfield>
    <subfield code="y">1</subfield>
  </datafield>
  <datafield tag="952" ind1=" " ind2=" ">
    <subfield code="1">0</subfield>
    <subfield code="2">2013-03-10</subfield>
    <subfield code="4">0</subfield>
    <subfield code="7">0</subfield>
    <subfield code="a">415.1&#x62C;2  &#x647; &#x62C; &#x645;</subfield>
    <subfield code="d">2011-09-07</subfield>
    <subfield code="h">EMF</subfield>
    <subfield code="i">00024731</subfield>
    <subfield code="m">EMF</subfield>
    <subfield code="r">2013-03-10 00:00:00</subfield>
    <subfield code="t">BOOK</subfield>
    <subfield code="w">ddc</subfield>
    <subfield code="y">0</subfield>
  </datafield>
</record>
